| 000 | 01394nam a22002777a 4500 | ||
|---|---|---|---|
| 001 | 1482 | ||
| 005 | 20231002104225.0 | ||
| 020 | _a9789995054557 | ||
| 040 |
_aFISKH _beng _cFISKH _dFISKH |
||
| 082 | _a636.5 | ||
| 100 | _aSokha, Pean | ||
| 245 | _aការចញ្ចឹមមាន់ / | ||
| 250 | _aបោះពុម្ពលើកទី ៧ មករា ២០២២ | ||
| 260 |
_aPhnom Penh : _bSipar, _c2021. |
||
| 300 |
_a40 pages : _bcolor illustrations ; _c29 cm |
||
| 490 | _aបំណិនជីវិត | ||
| 505 | _aZ' | ||
| 520 | _aបង្ហាញពីរបៀបធ្វើទ្រុង ជ្រើសរើសពូជ ការឳ្យចំណី ការថែទាំឳ្យជៀសផុតពីជំងឺផ្សេងៗ និងវិធីធ្វើម្ហូបសាមញ្ញពីសាច់មាន់ សម្រាប់បរិភោគក្នុងគ្រួសារ។ | ||
| 520 | _aDemonstrate how to make cages, select varieties, feed, care to avoid various diseases and simple recipes from chicken for family consumption. | ||
| 521 |
_a1120
_bLexile estimate |
||
| 521 |
_aZ'
_bRaz-Plus |
||
| 650 |
_aជ្រើសពូជ _vឳ្យចំណី _xថែទាំ |
||
| 650 |
_aSelect varieties _vFood _xCare |
||
| 700 |
_aSophaleap, Nhoek _cillustrator |
||
| 942 |
_2ddc _cBK _n0 |
||
| 999 |
_c1482 _d1482 |
||